<?xml version="1.0" encoding="UTF-8"?>
<collection xmlns="http://www.loc.gov/MARC21/slim">
 <record>
  <leader>00355pamaa2200145   4500</leader>
  <controlfield tag="001">0000016091</controlfield>
  <controlfield tag="005">20060321090000.0</controlfield>
  <datafield tag="020" ind1="0" ind2="0">
   <subfield code="a">0074516779 </subfield>
  </datafield>
  <datafield tag="082" ind1=" " ind2=" ">
   <subfield code="a">540 BAN</subfield>
  </datafield>
  <datafield tag="090" ind1="0" ind2="0">
   <subfield code="a">QD33 </subfield>
   <subfield code="b">BAN</subfield>
  </datafield>
  <datafield tag="100" ind1="1" ind2="0">
   <subfield code="a">BANERJEA </subfield>
  </datafield>
  <datafield tag="245" ind1="1" ind2="0">
   <subfield code="a">Coordination chemistry  </subfield>
   <subfield code="c">D. Banerjea.</subfield>
  </datafield>
  <datafield tag="260" ind1="0" ind2="0">
   <subfield code="a">New Delhi: </subfield>
   <subfield code="b">Tata McGraw Hill, </subfield>
   <subfield code="c">1993.</subfield>
  </datafield>
  <datafield tag="300" ind1=" " ind2=" ">
   <subfield code="a">xi, 568p.: </subfield>
   <subfield code="b">24cm.</subfield>
  </datafield>
  <datafield tag="650" ind1="0" ind2="0">
   <subfield code="a">Chemistry </subfield>
  </datafield>
 </record>
</collection>
